Corrosion and Degradation of Implant Materials /
Gespeichert in:
| Hauptverfasser: | , |
|---|---|
| Format: | Buch |
| Sprache: | Englisch |
| Veröffentlicht: |
Philadelphia :
ASTM,
1979
|
| Schriftenreihe: | ASTM Special Technical Publication
Vol.684 |
| Tags: |
Keine Tags, Fügen Sie das erste Tag hinzu!
|
MARC
| LEADER | 00000nam a22000003a 4500 | ||
|---|---|---|---|
| 001 | stu18427 | ||
| 005 | 20150617225752.0 | ||
| 008 | 920324s1979----xxu-----------------eng-d | ||
| 040 | |a STU |b slo | ||
| 041 | 0 | |a eng | |
| 044 | |a xxu | ||
| 080 | |a 620.193 | ||
| 100 | 1 | |a Syrett, B.C |4 aut | |
| 245 | 1 | |a Corrosion and Degradation of Implant Materials / |c [aut.]Syrett,B.C., Acharya,A | |
| 260 | |a Philadelphia : |b ASTM, |c 1979 | ||
| 300 | |a 356 s | ||
| 700 | 1 | |a Acharya, A |4 aut | |
| 830 | 0 | |a ASTM Special Technical Publication |v Vol.684 | |
| 996 | |b C89187 |c C*89187 |l CCXXIII |s P |a 0 |w stu18427_0001 | ||